| 000 | 01322cam a2200349 i 4500 | ||
|---|---|---|---|
| 001 | 31786 | ||
| 003 | KOSZ 005 | ||
| 005 | 20220927140944.0 | ||
| 008 | 960606s1993 pl f |000 0 pol d | ||
| 020 | _a839051060X | ||
| 040 |
_cKOSZ 005 _aKOSZ 005 _dKOSZ 005/HR |
||
| 041 | 1 |
_apol _heng |
|
| 080 | _a657.41/.45 | ||
| 080 | _a658.14/.17 | ||
| 100 | 1 |
_aRice, Anthony _eAutor |
|
| 245 | 1 | 0 |
_aRachunkowość bez mitów czyli Jak ocenić finanse firmy / _cAnthony Rice ; przekł. zesp. pracowników Katedry Rachunkowości Menedżerskiej Szkoły Głównej Handlowej pod kier. Gertrudy Krystyny Świderskiej. |
| 260 |
_aWarszawa : _bBusiness Press, _c1993. |
||
| 300 |
_a257 s. : _brys., wykr. ; _c20 cm. |
||
| 336 |
_2rdacontent _aTekst _btxt |
||
| 337 |
_2rdamedia _aBez urządzenia pośredniczącego _bn |
||
| 338 |
_2rdacarrier _aWolumin _bnc |
||
| 380 | _aKsiążki. | ||
| 388 | _a1901-2000 | ||
| 490 | 1 | _aBusinessman Book | |
| 650 | 4 | _aFinanse przedsiębiorstwa | |
| 650 | 4 | _aRachunkowość finansowa | |
| 658 | _aGospodarka, ekonomia, finanse | ||
| 700 | 1 |
_aŚwiderska, Gertruda Krystyna _d(1942- ) _eTłumaczenie |
|
| 830 | 0 | _aBusinessman Book | |
| 856 |
_uhttp://koha.tu.koszalin.pl/cgi-bin/koha/opac-detail.pl?biblionumber=31786 _yKatalog online BPK |
||
| 942 |
_cKS _2UKD |
||
| 999 |
_c31786 _d31786 |
||